| 000 | 00524nam a22001337a 4500 | ||
|---|---|---|---|
| 999 |
_c535788 _d535788 |
||
| 100 | _aFawad Mashhadi, Syed | ||
| 245 |
_aAssociation of Vitamin D Deficiency with Tuberculosis in Adult Patients Reporting to a Tertiary Care Hospital of Rawalpindi / _cSyed Fawad Mashhadi. |
||
| 260 |
_aIslamabad : _bAMC NUST, _c2014. |
||
| 300 | _a105 p. : | ||
| 942 |
_2ddc _cTHE |
||
| 650 |
_aCommunity Medicine - M Phil Theses. _930642 |
||
| 700 |
_aSup Dr. Mahmood Ur Rahman. _930643 |
||